| 000 | 00827nam a22002537a 4500 | ||
|---|---|---|---|
| 003 | KOHA_MİRAKIL | ||
| 005 | 20260428093143.0 | ||
| 008 | 260427b tu ||||| |||| 00| 0 tur d | ||
| 020 | _a9786058805859 | ||
| 040 |
_aTR-AnABB _btur _cTR-AnABB |
||
| 041 | _atur | ||
| 082 |
_a814.42 _bASU 2019 |
||
| 100 | 1 | _aAşut, Atilla | |
| 245 | 1 | 0 |
_aGünlerin kıyısından : _bTrabzon yazıları / _cAtilla Aşut |
| 246 | _aGünlerin kıyısından | ||
| 260 |
_aTrabzon : _bKıyı dergisi yayınları, _c2011 |
||
| 300 |
_a318 sayfa ; _c20 cm |
||
| 490 | 0 |
_aKıyı dergisi yayınları ; _v16 |
|
| 490 | 0 |
_aDeneme, makale, inceleme ; _v8 |
|
| 500 | _aYazar tarafından Prof. Dr. Ruşen Keleş için imzalanmıştır. | ||
| 650 | 0 | 4 | _aTürk edebiyatı, deneme |
| 900 | _bCan ÇELIK | ||
| 942 |
_2ddc _cBK |
||
| 999 |
_c10350 _d10350 |
||